| 000 | 00384nam a2200133Ia 4500 | ||
|---|---|---|---|
| 008 | 210210b1969 xxu||||| |||| 00| 0 eng d | ||
| 082 | _a954 MAJH | ||
| 100 | _aMAJUMDAR (R C). | ||
| 245 | _aHistory and culture of the Indian people struggle for freedom. | ||
| 260 |
_aBombay. _bBharatiya Vidhya Bhavan _c1969 |
||
| 300 | _axxxii,1144xviii | ||
| 690 | _aIndian History | ||
| 906 | _a027536 | ||
| 999 |
_c78822 _d78822 |
||